000 00222nam a2200097Ia 4500
008 190216s9999||||xx |||||||||||||| ||und||
100 _aPrem Chand
245 0 _aHindi-Karmabhoomi
260 _bHamlyn Publishing
942 _cBK
999 _c17689
_d17689